Study guide for Ralph, Lerner, Meacham, Wood, Hull, and Burns "World civilizations" volume 2 /
India, East Asia, and Africa during the early-modern era c. (1500-1800). The economy and society of early-modern Europe. The age of absolutism (1660-1789). The scientific revolution and enlightenment. Overseas exploration in the 15th and 16th centuries and Europe in 1560...
Đã lưu trong:
| Tác giả chính: | |
|---|---|
| Định dạng: | Sách |
| Ngôn ngữ: | English |
| Được phát hành: |
New York ; London :
W. W. Norton,
1997.
|
| Phiên bản: | 9th ed. |
| Những chủ đề: | |
| Các nhãn: |
Thêm thẻ
Không có thẻ, Là người đầu tiên thẻ bản ghi này!
|
| Thư viện lưu trữ: | Mạng thư viện Đại học Đà Nẵng |
|---|
| LEADER | 01204cam a2200349 i 4500 | ||
|---|---|---|---|
| 001 | 000048186 | ||
| 003 | 7891 | ||
| 005 | 20041029134346.0 | ||
| 008 | 010326b1997 vm 000 eng | ||
| 020 | |a 0393968839 | ||
| 040 | |a IRC |c IRC |d IRC | ||
| 041 | 0 | |a eng | |
| 082 | 1 | 4 | |a 909 |b AL-J |
| 100 | 1 | |a Allen, J. Michael, |d 1956- | |
| 245 | 1 | 0 | |a Study guide for Ralph, Lerner, Meacham, Wood, Hull, and Burns "World civilizations" |n volume 2 / |c J. Michael Allen. |
| 250 | |a 9th ed. | ||
| 260 | |a New York ; London : |b W. W. Norton, |c 1997. | ||
| 300 | |a viii, 155 p. : |b maps ; |c 28 cm. | ||
| 520 | 3 | |a India, East Asia, and Africa during the early-modern era c. (1500-1800). The economy and society of early-modern Europe. The age of absolutism (1660-1789). The scientific revolution and enlightenment. Overseas exploration in the 15th and 16th centuries and Europe in 1560... | |
| 630 | 0 | 4 | |a History. |
| 630 | 0 | 4 | |a Civilization. |
| 650 | 0 | 4 | |a Civilization |x History. |
| OWN | |a DUT | ||
| 999 | |a From the UDN01 | ||
| TYP | |a Monograph | ||
| TYP | |a Printed language | ||
| 980 | |a Mạng thư viện Đại học Đà Nẵng | ||


